[Event "Sharjah Blitz op 27th"]
[Site "Sharjah"]
[Date "2022.04.08"]
[Round "9"]
[White "Omar Mohammad, Al Taher"]
[Black "Raji Sayel, Abu Azizah"]
[Result "0-1"]
[WhiteElo "1327"]
[BlackElo "1874"]
[PlyCount "42"]
[EventDate "2022.04.08"]
[EventType "swiss (blitz)"]
[EventRounds "9"]
[EventCountry "UAE"]
[SourceTitle "CBM 207 Extra"]
[Source "ChessBase"]
[SourceDate "2022.05.31"]
[SourceVersion "1"]
[SourceVersionDate "2022.05.31"]
[SourceQuality "1"]

1. e4 c5 2. Nf3 e6 3. c3 d5 4. e5 Nc6 5. d4 Nge7 6. Be2 cxd4 7. cxd4 Qb6 8. 0-0 Nf5 9. b3 Nfxd4 10. Bb2 Bc5 11. Nbd2 0-0 12. a3 a5 13. Re1 Nxf3+ 14. Nxf3 Bxf2+ 15. Kh1 Bxe1 16. Qxe1 Qxb3 17. Rb1 Qe3 18. Qg3 Qxe2 19. Qh3 h6 20. Bc1 Qc2 21. Nd2 Qd1+ 0-1

[Event "Sharjah Ramadan op rapid"]
[Site "Sharjah"]
[Date "2019.05.14"]
[Round "4"]
[White "Raji Sayel, Abu Azizah"]
[Black "Abdurakhmanov, Mukhmmadali"]
[Result "0-1"]
[WhiteElo "1602"]
[BlackElo "2215"]
[PlyCount "118"]
[EventDate "2019.05.13"]
[EventType "swiss (rapid)"]
[EventRounds "9"]
[EventCountry "UAE"]
[SourceTitle "CBM 190 Extra"]
[Source "ChessBase"]
[SourceDate "2019.07.15"]
[SourceVersion "1"]
[SourceVersionDate "2019.07.15"]
[SourceQuality "1"]

1. e4 c5 2. Nf3 d6 3. d4 cxd4 4. Nxd4 Nf6 5. Nc3 a6 6. h3 b5 7. a3 Bb7 8. Bd3 g6 9. 0-0 Bg7 10. f4 0-0 11. Kh1 Nbd7 12. Nb3 Rc8 13. Re1 Nb6 14. Be3 Nc4 15. Bxc4 Rxc4 16. Nd2 Rc8 17. Bf2 Nh5 18. Qf3 f5 19. Ne2 fxe4 20. Qb3+ Kh8 21. Be3 Nf6 22. Nc3 d5 23. Bd4 Nh5 24. Bxg7+ Kxg7 25. a4 Rxf4 26. axb5 axb5 27. Nxb5 Qb6 28. Nc3 Qxb3 29. Nxb3 Rf7 30. Ra7 e5 31. Nb5 Rd8 32. Nc5 Bc6 33. Ne6+ Kf6 34. Nxd8 Rxa7 35. Nxa7 Bd7 36. Nb7 Ng3+ 37. Kh2 Nf5 38. Nc5 Be8 39. Rf1 Ke7 40. Nc8+ Kd8 41. Nb6 Bc6 42. Nba4 d4 43. b3 e3 44. Nd3 e4 45. Ne5 Bb5 46. c4 Bxa4 47. bxa4 e2 48. Re1 d3 49. Nf7+ Kc7 50. Ng5 d2 51. Rxe2 e3 52. Ne6+ Kc8 53. g4 d1Q 54. Nf4 Qd6 55. gxf5 Qxf4+ 56. Kg2 gxf5 57. h4 Qg4+ 58. Kf1 f4 59. Rg2 Qd1# 0-1